L'encre du passé : Tome 1 /

Պահպանված է:
Մատենագիտական մանրամասներ
Հիմնական հեղինակ: Boyer, Erika
Ձևաչափ: Գիրք
Լեզու:անգլերեն
ֆրանսերեն
Հրապարակվել է: Paris : Hugo poche, 2021
Շարք:New romance 270
Ցուցիչներ: Ավելացրեք ցուցիչ
Չկան պիտակներ, Եղեք առաջինը, ով նշում է այս գրառումը!

MARC

LEADER 00000nam a22000007a 4500
003 ct
005 20260310165427.0
008 260310b |||||||| |||| 00| 0 eng d
020 |a 9782755686562 
040 |c ct 
041 |a fre 
100 |a Boyer, Erika 
245 |a L'encre du passé :  |b Tome 1 /  |c Erika Boyer 
260 |a Paris :  |b Hugo poche,  |c 2021 
490 |a New romance  |v 270 
942 |2 ddc  |c BK  |n 0 
952 |0 0  |1 0  |2 ddc  |4 0  |6 843_920000000000000_BOY_ENC  |7 0  |9 33279  |a GE  |b GE  |d 2026-03-10  |l 0  |o 843.92 BOY ENC  |p 11806  |r 2026-03-10 16:48:35  |w 2026-03-10  |y BK  |z Donazione Carosio-Pivetta 
999 |c 28907  |d 28907